| 000 | 00816nam a2200241Ia 4500 | ||
|---|---|---|---|
| 003 | OSt | ||
| 005 | 20220923212432.0 | ||
| 006 | a|||||r|||| 00| 0 | ||
| 007 | ta | ||
| 008 | 220922b |||||||| |||| 00| 0 hin d | ||
| 024 | _a152,949 | ||
| 037 | _cTextual | ||
| 040 |
_aARTS _cARTS _bhin |
||
| 041 |
_2hin _ahin |
||
| 082 | _aO142,3M28x, 152L3 | ||
| 100 |
_aटाल्सटाय _9156277 |
||
| 245 | 0 | _aटाल्सटाय की कहानियॉ, रूपा प्रेमचन्द | |
| 246 | _aṬālsaṭāya kī kahāniyaॉ, rūpā0 premachanda | ||
| 260 |
_aइलाहाबाद _b सरस्वती प्रेस _c1973 |
||
| 300 |
_a160 पृ. _ccm. |
||
| 942 |
_hO142,3M28x, 152L3 _cTEXL _2CC |
||
| 999 |
_c308597 _d308597 |
||